000 00410nam a22001577a 4500
003 DO-SdBNP
005 20180220115021.0
008 180220b sp||||| |||| 00| 0 spa d
040 _aBPMSU
_bspa
_cBPMSU
245 _aCapullito el principe invisible
260 _aBilbao
_bCultura y Progreso
_c2000
300 _a30 p.
_c27 cm
942 _2ddc
_cBK
945 _ainventariado, 2018 / dg
956 _adgarcia
_b10
999 _c13320
_d13320